000
00234nam a2200097Ia 4500
001
807706
005
20250826171236.0
008
250824s9999 xx 000 0 und d
245
0
_a
KADIN DESTANI
_c
AYLA KUTLU
260
_b
BİLGİ YAYINLARI
999
_c
807706
_d
807706